MDQL
is popping MORE tags! Check the
thread
!
Quizzes
Events
Quiz Creation
Community
Videos
Private Events
Remove Ads
Sign In
Join for FREE
Feedback
Dark Mode
Quiz Categories
Sports
Geography
Music
Movies
Television
Just For Fun
Miscellaneous
History
Literature
Language
Science
Gaming
Entertainment
Religion
Holiday
For Kids
Quiz Lab
Recent
Popular Today
Quiz Kudos Today
Editor Picks
Curator Picks
Quizzes by...
Day
Popularity
Type
Ratings
Length
Year
Community
Subscriptions
Recent Discussions
Orange Saloon
Badges
Playlists
Quests
Create
Leaderboards
Showdown
Live 5
Trivia Bingo
Activity
Puzzle Library
Sporcle Events
Private Events
Virtual Trivia
Globe League
Become a Host
Pub Owners
SporcleCon
Opinionation
Our Games
Videos
Blog
Mobile Apps
Partnerships
Remove Ads and Go Orange
Feedback
Sports
Athletes
MLB
NBA
NHL
NFL
Soccer
Sports Teams
WWE
NCAA
Football
Premier League
Basketball
Baseball
Hockey
Golf
Tennis
Cricket
Rugby
Auto Racing
Olympics
World Cup
Sports
Athletes
MLB
NBA
NHL
NFL
Soccer
Sports Teams
WWE
NCAA
Football
Premier League
Basketball
Baseball
Hockey
Golf
Tennis
Cricket
Rugby
Auto Racing
Olympics
World Cup
Random Quiz
Search Sporcle
×
Quiz Lab
Quiz Lab
Sports
NFL
Type in answers that appear in a list
Type in answers that appear in a list
Classic
Best Score? Go Orange.
Every QB to start for the bills Stats
Can you name every QB to start for the Buffalo Bills?
By
buffalo_billsss
12m
47 Questions
80 Plays
80 Plays
80 Plays
Comments
Comments
Give Quiz Kudos
Give Quiz Kudos
-
- Ratings
hide this ad
Replay
Link that replays current quiz
Next Quiz
Link to next quiz in quiz playlist
You Got
0%
They Got
Avg Score
40%
Avg Friend Score
Upgrade to see
Score Distribution
Jump to the score distribution portion of the page
Score
0/47
Timer
12:00
0
Plays Today
Years QB has started
QB name
% Correct
1986-
1996
Jim Kelly
96.3%
2015-
2017
Tyrod Taylor
95%
2018-
2020
Josh Allen
94.6%
2009-
2012
Ryan Fitzpatrick
92.5%
2013-
2016
EJ Manuel
91.3%
1998-
2000
Doug Flutie
88.8%
2002-
2004
Drew Bledsoe
87.5%
1998-
2001
Rob Johnson
87.5%
2017-
2018
Nathan Peterman
83.8%
2005-
2008
J.P. Losman
82.5%
2007-
2010
Trent Edwards
80%
1989-
1994
Frank Reich
80%
1973-
1984
Joe Ferguson
80%
1962-
1969
Jack Kemp
77.5%
2014
Kyle Orton
70%
2018-
2019
Matt Barkley
62.2%
1997-
2001
Alex Van Pelt
58.8%
2013
Jeff Tuel
56.3%
1995-
1997
Todd Collins
55%
2018
Derek Anderson
54.1%
2015
Matt Cassel
51.3%
2005
Kelly Holcomb
51.3%
2013
Thad Lewis
50%
2009-
2010
Brian Brohm
37.5%
Years QB has started
QB name
% Correct
1985
Vince Ferragamo
37.5%
1963-
1965
Daryle Lamonica
32.5%
1970-
1972
Dennis Shaw
28.8%
2015-
2018
LeSean McCoy
18.9%
1960-
1961
Johnny Green
17.5%
1985
Bruce Mathison
16.3%
1967-
1968
Tom Flores
16.3%
1969-
1971
James Harris
15%
1961-
1962
Warren Rabb
12.5%
1984
Joe Dufek
10%
1976
Gary Marangi
10%
1968-
1970
Dan Darragh
10%
1960-
1961
Richie Lucas
10%
1972
Leo Hart
8.8%
1987
Brian McClure
7.5%
1987
Willie Totten
6.3%
1987
Dan Manucci
6.3%
1962
Al Dorow
6.3%
1961
M.C. Reynolds
6.3%
1968
Ed Rutkowski
5%
1960-
1961
Tommy O'Connell
5%
1960
Bob Brodhead
5%
1968
Kay Stephenson
3.8%
Quiz Playlist
Details
Report
Send in Message
Add To Playlist
Classic:
Type in answers that appear in a list
Last Updated: Dec 26, 2020
Quiz Scoreboard
CHALLENGE
Sign Up to Join the Scoreboard
Show All
Scores
Hide
Comments
May contain spoilers
Recently Published
Find the 'City' Movie
by crazypaving
Movies
60s
5x2 Blitz: Bands
by SL_Kpop136
Music
30s
Colored Red Africa Blitz
by spor1
Geography
30s
More to Explore
Quiz From the Vault
Featured Blog Post
14 Easter Pick-up Lines to Find Eggs With
hide this ad
You Might Also Like...
Tags
Football Quiz
NFL Quiz
Buffalo Bills
National Sports
Pro Sports
Starting QB
Today's Top Quizzes in Sports
Browse Sports
hide this ad
Today's Top Quizzes in NFL
Browse NFL
Top Contributed Quizzes in Sports
1
Players with Multiple 50 Home Run Seasons
2
Who Needs Fielders?
3
Criteria MLB: Left Handed Sluggers
4
MLB Players with Two .350 Batting Average Seasons
5
Who Hit More Homers?
6
2020 F1 Drivers Logic Puzzle
7
NBA Teammate Connections
8
Premier League Clubs since 2000 (minefield)
9
MLB Teams by First Game
10
Top 10 NHL Goal Scorers of All Time
Explore More
Trending Topics
Kpop
Harry Potter
Marvel
NBA
Crossword
Anime
Disney
NFL
Puzzle
The Office
Country
Soccer
WWE
Song
Pokémon
hide this ad
More By:
buffalo_billsss
Quiz
Plays
Rating
Category
Featured
Created
Who threw their first Career TD Catch?
3,460
5.00
Sports
Mar 14, 2022
Every Seattle Seahawks Top 100 Player
2,147
4.43
Sports
Aug 16, 2023
Most Total Touchdowns by Games Played
1,924
4.89
Sports
May 11, 2022
Receiving Yards by Games Played
1,901
5.00
Sports
Jul 19, 2022
Most Touchdowns First 4 Years in NFL
1,631
5.00
Sports
May 9, 2022
Go to Creator's Profile
Score Distribution
Quiz Creator Spotlight
buffalo_billsss
Follow
Send a Message
Quizzes Created
-
Created Quiz Play Count
-
More By This Creator
Popular Quizzes Today
1
5x2 Blitz: Bands
2
Find the 'City' Movie
3
Colored Red Africa Blitz
4
Find the US States - No Outlines Minefield
5
The Countries of the World
6
Find the US States
7
9x9 Crossword: Cartoon Network
8
US States
More Sports Quizzes
Every Mid-Card Champion in WWE
Quiz Lab
Trending Quizzes
Colored Red Africa Blitz II
Colored Red Europe Blitz I
Christmas Pick: Judaism
Colored Red Africa Blitz III
Colored Red Europe Blitz II
Recently Updated
Champions League XIs: Real Madrid
pecheneg
Largest US Cities 1790-2010
pecheneg
Rides in Walt Disney World
pecheneg
Most Oscar Losses (Acting)
pecheneg
Beyoncé Albums
pecheneg
Leaping Animals
pecheneg
Reality TV Shows (A-Z)
bhenderson79
Rickey Henderson's Hall of Fame Teammates
pecheneg
Champions League XIs: Arsenal
pecheneg
Quick Pick: Celebrities in WWE's Hall of Fame
aduchscher
Trending Topics
Crossword
NBA
Kpop
Anime
Marvel
Disney
Harry Potter
WWE
NFL
Pokémon
Song
Puzzle
Country
Soccer
The Office
Your Account Isn't Verified!
In order to create a playlist on Sporcle, you need to verify the email address you used during registration. Go to your
Sporcle Settings
to finish the process.
Report this User
Report this user for behavior that violates our
Community Guidelines
.
Details:
Send Report
Go to the Sporcle.com Mobile Site →
Comments